000 01180cad a22002415a 4500
001 E146776
008 090225s2008 xxk f 000 0 eng d
035 _a(Sirsi) u146776
041 0 _aeng
050 0 4 _a711.558 $2 18
110 2 _aScottish Natural Heritage
_92794
245 0 0 _aOutdoor access and the planning system
_h[electronic resource]
260 _aEdinburgh
_bSNH
_c2008
490 0 _aScottish Natural Heritage Commissioned Report
_v(307)
520 _aExamines ways in which access rights are safeguarded through the planning system and to what extent the Scottish Government's guidance to local authories on the Land Reform (Scotland) Act 2003 is being implemented. The report also looks at what provisions may be inserted into future development plans to protect outdoor access rights.
521 _aAdvanced
590 _aKA
650 2 4 _aLAND REFORM (SCOTLAND) ACT 2003
651 4 _aScotland
_y1999-
690 _aENVIRONMENTAL AND LAND CONSULTANCY
856 4 8 _uhttps://www.snh.org.uk/pdfs/publications/commissioned_reports/307%20-%20Outdoor%20Access%20and%20the%20Planning%20System.pdf
_zView the report free of charge at www.snh.org.uk
942 _n0
999 _c109286
_d109286